000 00395nam a2200145Ia 4500
008 231217s9999 xx 000 0 und d
041 _aEnglish
082 _a001.64040288 BRE1;1 R
100 _aBrenner, Robert C
245 0 _aIBM PC advanced troubleshooting and repair
260 _c1988
_bPHI
_aNew Delhi
300 _axii+289
650 _aadvanced,troubleshooting,repair
942 _cAA
999 _c175276
_d175276